Les 15 principaux chevaliers de la table ronde : - Statistiques

Statistiques générales
  • Ce quiz a été pris 449 fois
  • Le résultat moyen est 6 sur 15
Statistiques - réponses
Chevaliers : % Correct
Le roi Arthur
99%
Meilleur chevalier Lancelot
96%
Le naïf et ambitieux Perceval
82%
Il aime Iseult Tristan
64%
Le fils aîné du roi Loth Gauvain
56%
Le chevalier au lion Yvain
53%
C'est lui qui trouve le saint Graal Galaad
42%
Bohort
28%
Le demi-frère du roi Mordred
26%
Il a inspiré un livre Caradoc
20%
Le beau-frère du roi Ker
16%
Lionel
9%
C'est lui qui jette Excalibur dans le lac Bédivère
7%
Gareth
5%
> un de ses fidèles compagnons Sagremor
4%
Aucun quiz correspondant
Distribution des résultats
% des personnes avec chaque résultat
Percentile par nombre de réponses
Votre historique - résultats
Vous n’avez pas pris ce quiz